Alle Teilnehmer von THE 50 (Amazon Prime) - Statistiken

Allgemein
  • Dieses Quiz wurde 53 mal gespielt
  • Das Durchschnittsergebnis liegt bei 41 aus 90
Antwortstatistiken
Antwort % Korrekt
Cosimo Citiolo
80%
Georgina Fleur
80%
Yasin Mohamed
80%
Paco Herb
75%
Sam Dylan
75%
Aleks Petrovic
70%
Christin Okpara
70%
Jenny Elvers
70%
Marco Cerullo
70%
Marco Strecker
70%
Raffa Plastic
70%
Chris Broy
65%
Claudia Obert
65%
Kader Loth
65%
Kevin Schäfer
65%
Nina Kristin
65%
Patrick Romer
65%
Paulina Ljubas
65%
Paul Janke
65%
Yeliz Koc
65%
Ariel
60%
Dilara Kruse
60%
Micaela Schäfer
60%
Tommy Pedroni
60%
Cecilia Asoro
55%
Christina Dimitriou
55%
Christina Graß
55%
Eva Benetatou
55%
Gina-Lisa Lohfink
55%
Jürgen Milski
55%
Max Bornmann
55%
Mike Heiter
55%
Tara Tabitha
55%
Dennis Lodi
50%
Ehrenmannrius
50%
Isi Atli
50%
Leyla Lahouar
50%
Matthias Mangiapane
50%
Xander Stephinger
50%
Brenda Patea
45%
Laura Lettgen
45%
Laura Morante
45%
Leon Content
45%
Melody Haase
45%
Micha Schüler
45%
Milo Moiré
45%
Nathalie Gaus
45%
Nico Legat
45%
Ryan Wöhrl
45%
Serkan Yavuz
45%
Anna Strigl
40%
Garry Secret
40%
Nico Schwanz
40%
Tanja Tischewitsch
40%
Thorsten Legat
40%
Zoe Saip
40%
Christo
35%
Danni Büchner
35%
Flocke
35%
Iris Klein
35%
Manni Ludolf
35%
Oliver Sanne
35%
Silva González
35%
Yasmin Vogt
35%
Candy Crash
30%
Ennesto Montè
30%
Gisele Oppermann
30%
Giulia Siegel
30%
Kate Merlan
30%
Nikola Glumac
30%
Theresia Fischer
30%
Verena Kerth
30%
Cora Schumacher
25%
Diogo Sangre
25%
Eric Sindermann
25%
Gloria Glumac
25%
Jasmin Herren
25%
Lukas Baltruschat
25%
Michelle Daniaux
25%
Rainer Gottwald
25%
Sandra Sicora
25%
Vanessa Mariposa
25%
Carina Spack
20%
Djamila Rowe
20%
Janine Pink
20%
Filip Pavlovic
15%
Menderes Bagci
15%
Tobias Wegener
15%
Jill Lange
5%
Patricia Blanco
5%
Keine übereinstimmenden Quizze gefunden
Verteilung der Resultate
Anzahl Personen mit jedem Resultat
Perzentil nach korrekt beantworteten Fragen
Ihre Resultats-Entwicklung
Sie haben dieses Quiz noch nicht gespielt